000 00485nam a2200181Ia 4500
005 20250326141757.0
008 250326s9999 xx 000 0 und d
037 _aTextbook
040 _aFMSL
_beng
_cFMSL
041 _aeng
_2eng
084 _qFMSL
100 _aWilkinson E
_9745058
245 0 _aJapan versus europe : A History of misunderstanding
_cWilkinson E
260 _aPenguing
_bPenguing, Books
_c1983
300 _a288p
942 _cTB
999 _c1291924
_d1291924